000 00680cab a2200241 4500
001 ABS48637
008 090401t1993 xxu||||| |||| 00| 0 eng d
035 _a(Sirsi) u67702
041 _aeng
100 _aKelly, G.
245 _aManaging change: the Vector system
260 _c1993
350 _a0
490 _aChartered Quantity Surveyor
_v15(9) May 1993, 18(1)
520 _aProfiles the Vector software package aimed at quantity surveying practices.
650 _aCOMPUTERS
650 _aDESK-TOP PUBLISHING
650 _aSOFTWARE
650 _aVECTOR
690 _aMANAGEMENT-BUSINESS MANAGEMENT-INFORMATION MANAGEMENT
942 _n0
948 _c04/03/1997
999 _c42387
_d42387